00664nam a22001937a 450000500170000001000150001702000260003203500140005803700090007208200080008110000150008924500590010425000100016326000670017327000930024030000350033350000850036860000170045320250116113719.0 aENG-143484 a9789388704878c765.00 aEN-127016 bDBAD a530 aMathur S B aSolved Objective Question in Physics/cBy S. B. Mathur aFirst a4271/3 Ansari Road, Daryaganj, New DelhibBharati Bhawanc2023 a4271/3 Ansari Road, Daryaganj, New DelhibNew Delhie110002k23286557meditorial@bbpd.in avi,826p. c22cm(pb) eAudio CD aSolved objective Questions In Physics for engineering and Medical Entrance Tests aS. B. Mathur